00442nam a2200145Ia 4500008004100000020001500041041000800056082001500064100001900079245009100098250000600189260006100195300001300256650002700269210716s2006 xx 000 0 und d a0070618313 aeng a651.7 YOUD aYoung, Dona J. aFoundations of business communication: an integrative approach.bIntegrative approach. a1 aNew DelhibTata McGraw Hill Publishing Company Ltdc2006 axxix,538 aBusiness Communication